| 000 | 00593nam a2200205 i 4500 | ||
|---|---|---|---|
| 001 | 50642 | ||
| 003 | ES-MaACL | ||
| 005 | 20250911062640.0 | ||
| 007 | t| | ||
| 008 | 030806s1971 sp ||||1| spa d | ||
| 100 | 1 |
_aCunqueiro, Álvaro, _d1911-1981 _942188 |
|
| 245 | 1 | 0 |
_aCuando el viejo Simbad vuelva a las islas / _cAlvaro Cunqueiro. |
| 250 | _a[2ª ed.]. | ||
| 260 |
_a[Barcelona] : _bDestino, _c[1971] |
||
| 300 |
_a131 p. ; _c19 cm. |
||
| 490 | 1 |
_aAncora y delfín ; _v74 |
|
| 830 | 0 | 0 |
_aÁncora y Delfín _v74 _9151298 |
| 852 |
_aES-MaACL _jA-7670 _bR.96445 |
||
| 999 |
_c50642 _d50642 |
||